000 00705nam a2200193 a 4500
001 000029078
005 20200930055322.0
008 110413s1989 dr c 000 | eng d
040 _aDO-SdBNP
_bspa
_cBNPHU
082 _axxx
_bA728c
100 1 _aArmenteros Rius, Enrique
_955978
245 1 4 _aThe crossword puzzle of dominican forests :
_bconcerns, suggestions and hopes /
_cEnrique Armenteros Rius.
260 _aSanto Domingo :
_bFundation for Improvement of Humanity (PROGRESSIO),
_c1989.
_f(Taller)
300 _a25 p. :
_bretr. ;
_c22 cm.
490 1 _aPROGRESSIO
_v10
500 _aIncluye datos biográficos del autor en las últimas páginas.
830 0 _aPROGRESSIO;
_v10
_955979
049 _aBNPD
999 _c28570
_d28570